EU Law Journal

Bibliographic Details
Other Authors: Funta, Rastislav (Publishing director)
Format: Journal
Language:Slovak
English
Russian
PhysicalDescription:zv. 29 cm
Published: Bratislava IRIS - Vydavateľstvo a tlač 2016-2019
ISSN:2453-7098
Subjects:

MARC

LEADER 00000cas a2200000 a 4500
001 vtls011468556
003 SK-MaSNL
005 20260228162104.0
008 160125d20162019xo fr|p 0 0slo
022 |a 2453-7098 
040 |a SNK  |b slo  |c SNK  |d SVKBB  |e AACR2 
041 0 |a slo  |a eng  |a rus 
043 |a e-xo--- 
044 |a xo  |c SK 
072 7 |a 34  |x Právo  |2 konspekt 
072 7 |a 341  |x Medzinárodné právo  |2 konspekt 
080 |a 34  |2 2011 
080 |a 341.171  |2 2011 
080 |a 070.486  |2 2011 
080 |a 050  |2 2011 
210 0 |a EU Law Journal 
222 0 |a EU law journal 
245 0 0 |a EU Law Journal 
260 |a Bratislava  |b IRIS - Vydavateľstvo a tlač  |c 2016-2019 
300 |a zv.  |c 29 cm 
310 |a 2x ročne 
362 0 |a Roč. 1, č. 1 (2016)-roč. 4, č. 2 (2019) 
500 |a Šéfredaktor: Rastislav Funta 
500 |a Evidenčné č.: EV 5318/16 
504 |a Bibliogr. odkazy 
546 |a Abstrakty v slov., angl. 
610 2 7 |a Európska únia  |2 SNKKA  |9 29861 
650 0 7 |a právo  |2 SNKPH  |9 976 
650 0 7 |a európske právo  |2 SNKPH  |9 4431 
655 7 |a odborné časopisy  |2 SNKPH  |9 70505 
700 1 |a Funta, Rastislav  |4 pbd  |9 270336 
852 |a Štátna vedecká knižnica v Banskej Bystrici 
910 |a snk 
910 |a svkbb 
916 |a 2016-2018, 2019 
999 |c 6770  |d 8700 
952 |0 0  |1 0  |4 0  |7 0  |8 0  |a SNK  |b SNK  |d 2020-05-13  |f 1  |i snk2020/7465  |l 0  |o snkČSB 7085/4/2019  |p 17A1387130  |r 2026-02-21 21:53:12  |t č. 1-2  |w 2026-02-21  |y PREZ 
952 |0 0  |1 0  |4 0  |7 0  |8 0  |a SNK  |b SNK  |d 2019-05-06  |f 1  |i snk2019/12618  |l 0  |o snkČSB 7085/1/2016  |p 17A1344375  |r 2026-02-21 22:07:05  |t č. 1-2  |w 2026-02-21  |y PREZ 
952 |0 0  |1 0  |4 0  |7 0  |8 0  |a SNK  |b SNK  |d 2019-05-06  |f 1  |i snk2019/12647  |l 0  |o snkČSB 7085/2/2017  |p 17A1344376  |r 2026-02-21 22:07:05  |t č. 1-2  |w 2026-02-21  |y PREZ 
952 |0 0  |1 0  |4 0  |7 0  |8 0  |a SNK  |b SNK  |d 2019-05-06  |f 1  |i snk2019/12649  |l 0  |o snkČSB 7085/3/2018  |p 17A1344377  |r 2026-02-21 22:07:05  |t č. 1-2  |w 2026-02-21  |y PREZ 
952 |0 0  |1 0  |4 0  |7 0  |8 0  |a SNK  |b SNK  |d 2019-05-06  |i snk2019/12650  |l 0  |o snkČSB 7085/1/2016 D1  |p 17A1344378  |r 2026-02-21 22:07:05  |t č. 1-2  |w 2026-02-21  |y PREZ 
952 |0 0  |1 0  |4 0  |7 0  |8 0  |a SNK  |b SNK  |d 2019-05-06  |i snk2019/12652  |l 0  |o snkČSB 7085/2/2017 D1  |p 17A1344379  |r 2026-02-21 22:07:05  |t č. 1-2  |w 2026-02-21  |y PREZ 
952 |0 0  |1 0  |4 0  |7 0  |8 0  |a SNK  |b SNK  |d 2019-05-06  |i snk2019/12653  |l 0  |o snkČSB 7085/3/2018 D1  |p 17A1344380  |r 2026-02-21 22:07:05  |t č. 1-2, neúplné  |w 2026-02-21  |y PREZ  |z Chýba č. 1